Welcome to WEB OPAC of MRSPTU Central Library

Introduction to embedded systems (Record no. 6335)

MARC details
000 -LEADER
fixed length control field 00442nam a2200169Ia 4500
008 - FIXED-LENGTH DATA ELEMENTS--GENERAL INFORMATION
fixed length control field 230711s9999||||xx |||||||||||||| ||und||
020 ## - INTERNATIONAL STANDARD BOOK NUMBER
International Standard Book Number 978-93-392-1968-0
041 ## - LANGUAGE CODE
Language code of text/sound track or separate title ENG
082 ## - DEWEY DECIMAL CLASSIFICATION NUMBER
Classification number 4
Item number SH-E
100 ## - MAIN ENTRY--PERSONAL NAME
Personal name Shibu,K V
245 #0 - TITLE STATEMENT
Title Introduction to embedded systems
250 ## - EDITION STATEMENT
Edition statement 2nd Ed.
260 ## - PUBLICATION, DISTRIBUTION, ETC.
Date of publication, distribution, etc. 2017
Place of publication, distribution, etc. New Delhi
Name of publisher, distributor, etc. McGraw Hill Education(India) Private Limited
300 ## - PHYSICAL DESCRIPTION
Extent 735p.
650 ## - SUBJECT ADDED ENTRY--TOPICAL TERM
Topical term or geographic name entry element Electronics Engineering
942 ## - ADDED ENTRY ELEMENTS (KOHA)
Koha item type Book
Holdings
Withdrawn status Lost status Damaged status Not for loan Collection Home library Current library Date acquired Source of acquisition Cost, normal purchase price Inventory number Total checkouts Full call number Barcode Date last seen Price effective from Koha item type
          MRSPTU Central Library MRSPTU Central Library   Krishna Book Distributors 615.00 KBD/2016-2017/961642808   4 SH-E 36190 08/17/2023 08/17/2023 Book
          MRSPTU Central Library MRSPTU Central Library   Krishna Book Distributors 615.00 KBD/2016-2017/961642808   4 SH-E 36191 08/17/2023 08/17/2023 Book
          MRSPTU Central Library MRSPTU Central Library   Krishna Book Distributors 615.00 KBD/2016-2017/961642808   4 SH-E 36192 08/17/2023 08/17/2023 Book
          MRSPTU Central Library MRSPTU Central Library   Krishna Book Distributors 615.00 KBD/2016-2017/961642808   4 SH-E 36193 08/17/2023 08/17/2023 Book
          MRSPTU Central Library MRSPTU Central Library   Krishna Book Distributors 615.00 KBD/2016-2017/961642808   4 SH-E 36194 08/17/2023 08/17/2023 Book
          MRSPTU Central Library MRSPTU Central Library   Krishna Book Distributors 615.00 KBD/2016-2017/961642808   4 SH-E 36195 08/17/2023 08/17/2023 Book
          MRSPTU Central Library MRSPTU Central Library   Krishna Book Distributors 615.00 KBD/2016-2017/961642808   4 SH-E 36196 08/17/2023 08/17/2023 Book
          MRSPTU Central Library MRSPTU Central Library   Krishna Book Distributors 615.00 KBD/2016-2017/961642808   4 SH-E 36197 08/17/2023 08/17/2023 Book
          MRSPTU Central Library MRSPTU Central Library   Krishna Book Distributors 615.00 KBD/2016-2017/961642808   4 SH-E 36198 08/17/2023 08/17/2023 Book
          MRSPTU Central Library MRSPTU Central Library   Krishna Book Distributors 615.00 KBD/2016-2017/961642808   4 SH-E 36199 03/13/2024 08/17/2023 Book
          MRSPTU Central Library MRSPTU Central Library           6.22 SH-E 37535 08/17/2023 08/17/2023 Book
          MRSPTU Central Library MRSPTU Central Library           6.22 SH-E 37536 08/17/2023 08/17/2023 Book
          MRSPTU Central Library MRSPTU Central Library           6.22 SH-E 37537 03/13/2024 08/17/2023 Book
          MRSPTU Central Library MRSPTU Central Library           6.22 SH-E 37538 08/17/2023 08/17/2023 Book
          MRSPTU Central Library MRSPTU Central Library           6.22 SH-E 37539 08/17/2023 08/17/2023 Book

Website Designed and Developed by MRSPTU Central Library Team

E-mail Id: librarian@mrsptu.ac.in